Clash Royale Cards (by elixir) - Statistics

General Stats
  • This quiz has been taken 6,010 times
    5,980 since last reset
  • The average score is 52 of 58
Answer Stats
Card Elixir Cost % Correct
Archers 3
100%
Baby Dragon 4
100%
Barbarians 5
99%
Balloon 5
99%
Fire Spirits 2
98%
Goblins 2
98%
Bomber 3
98%
Dark Prince 4
98%
Bowler 5
98%
Giant 5
98%
Giant Skeleton 6
98%
Golem 8
98%
Ice Spirits 1
97%
Guards 3
97%
Ice Wizard 3
97%
Knight 3
97%
Miner 3
97%
Hog Rider 4
97%
Lumberjack 4
97%
Mini P.E.K.K.A 4
97%
Lava Hound 7
97%
Skeletons 1
96%
Minions 3
96%
Princess 3
96%
Musketeer 4
96%
Minion Horde 5
96%
Prince 5
96%
Royal Giant 6
96%
P.E.K.K.A 7
96%
Spear Goblins 2
95%
Skeleton Army 4
95%
Sparky 6
95%
Three Musketeers 9
95%
Valkyrie 4
94%
Witch 5
94%
Wizard 5
94%
Arrows 3
93%
Goblin Barrel 3
93%
Freeze 4
93%
Fireball 4
93%
Lightning 6
92%
Rage 2
84%
Poison 4
84%
The Log 2
83%
Rocket 6
83%
Zap 2
82%
Barbarian Hut 7
81%
Bomb Tower 5
80%
Cannon 3
79%
Elixir Collector 5
77%
Furnace 4
76%
Goblin Hut 5
74%
Inferno Tower 5
73%
Mortar 4
72%
Tombstone 3
70%
Tesla 4
69%
X-Bow 6
69%
Mirror ?
53%
No matching quizzes found
Score Distribution
Percent of People with Each Score
Percentile by Number Answered
Your Score History
You have not taken this quiz since the last reset